000 00710nam a2200253 a 4500
005 20210219153448.0
008 991125n 000 0 u
035 _aUPN01000101287
100 _aIsaacs, Geoff
222 _aHIGHER EDUCATION RESEARCH AND DEVELOPMENT
245 _aA successful physics course within a traditional medical program
300 _a61-72
362 _a11, No. 1, 1992
505 _aMarzo 1993
653 0 _aACTITUDES DEL ESTUDIANTE
653 0 _aACTITUDES EDUCATIVAS
653 0 _aDISE\197O CURRICULAR
653 0 _aEDUCACION MEDICA
653 0 _aFISICA
653 0 _aINSTRUCCION CIENTIFICA
700 _aManley, Simon
904 _aAC
_b039098
905 _aArticulo
999 _c77535
_d77535